| 000 | 00597nam a2200181Ia 4500 | ||
|---|---|---|---|
| 008 | 090123s9999 xx 000 0 und d | ||
| 082 | _b991 | ||
| 100 | _aमाडगूळकर व्यंकटेश | ||
| 245 | _aमाणदेशी माणसं | ||
| 250 | _a5 | ||
| 260 | _bकुलकर्णी अ.अ. | ||
| 300 | _a172 | ||
| 600 | _aमाडगूळकर व्यंकटेश | ||
| 630 | _aमाणदेशी माणसं | ||
| 700 | _aमाडगूळकर व्यंकटेश | ||
| 730 | _aमाणदेशी माणसं | ||
| 942 | _cBOOK | ||
| 999 |
_c39076 _d39076 |
||